[Event "2023 WA Open"]
[Site "Perth AUS"]
[Date "2023.06.04"]
[Round "3.3"]
[White "Hare,Tim"]
[Black "Andador,Dominador"]
[Result "1/2-1/2"]
[BlackElo "1842"]
[BlackFideId "3239080"]
[EventDate "2023.05.21"]
[PlyCount "0"]
[WhiteElo "2263"]
[WhiteFideId "4300629"]

1. Nf3 d5 2. g3 c6 3. Bg2 Bg4 4. h3 Bh5 5. d3 Nd7 6. O-O e5 7. Nbd2 f5 8. e4
fxe4 9. dxe4 Ngf6 10. Qe1 Bd6 11. exd5 cxd5 12. c4 O-O 13. cxd5 h6 14. Nc4 Qc7
15. Nxd6 Qxd6 16. Nh4 Nxd5 17. g4 Bf7 18. Nf5 Qf6 19. Be3 Ne7 20. Nxe7+ Qxe7
21. b3 Nf6 22. Qa5 b6 23. Qb5 Rad8 24. Rad1 Qe6 25. Rfe1 Be8 26. Qc4 Qxc4 27.
bxc4 Bf7 28. Rc1 Rc8 29. c5 Bxa2 30. cxb6 axb6 31. Bxb6 Rxc1 32. Rxc1 Nd5 33.
Bxd5+ Bxd5 34. Rc5 Bf3 35. Rxe5 Rf7 36. Kh2 Kh7 37. Kg3 Bc6 38. f4 Rb7 39. Be3
Rf7 40. h4 Rd7 41. h5 Rf7 42. g5 hxg5 43. fxg5 Rf8 44. Bf4 Re8 45. g6+ Kg8 46.
Ra5 Ra8 47. Rc5 Rc8 48. Be5 Bd7 49. Ra5 Re8 50. Kf4 Rf8+ 51. Ke4 Bf5+ 52. Ke3
Re8 53. Kf4 Bd7 54. Ra7 Rd8 55. Kg5 Kf8 56. h6 gxh6+ 57. Kxh6 Bc6 58. Rh7 Bd5
59. Bf6 Re8 60. Bg7+ Ke7 61. Bd4+ Ke6 62. g7 Kf5 63. Rh8 Bg8 64. Rxg8  1/2-1/2

[Event "2023 WA Open"]
[Site "Perth AUS"]
[Date "2023.06.04"]
[Round "3.4"]
[White "Deng,Eric"]
[Black "Saxon,Marc"]
[Result "1-0"]
[BlackElo "2014"]
[BlackFideId "3250628"]
[EventDate "2023.05.21"]
[PlyCount "0"]
[WhiteElo "1604"]
[WhiteFideId "3254356"]

1. e4 e5 2. Nf3 Nc6 3. Bc4 Nf6 4. Nc3 Be7 5. O-O O-O 6. d4 Nxe4 7. Nxe4 d5 8.
Nxe5 Nxe5 9. dxe5 dxc4 10. Be3 Qxd1 11. Raxd1 Bf5 12. Nc3 c6 13. Ne2 a5 14. Nd4
Be4 15. c3 Rfd8 16. f4 Rd5 17. Ne2 Rad8 18. Rxd5 Rxd5 19. Nd4 Bc5 20. Rd1 Bf5
21. Kf2 Bd7 22. Rd2 b5 23. Nf3 Bxe3+ 24. Kxe3 Be6 25. Rxd5 Bxd5 26. Kd4 Kf8 27.
Kc5 Ke7 28. Nd4 b4 29. Nxc6+ Bxc6 30. Kxc6 a4 31. a3 bxa3 32. bxa3 Ke6 33. Kc5
g5 34. g3 gxf4 35. gxf4 h5 36. Kxc4 h4 37. Kd4 Kf5 38. c4 Kg4 39. c5 Kh3 40. c6
Kxh2 41. c7 h3 42. c8=Q f5 43. exf6 Kg2 44. Qxh3+  1-0

[Event "2023 WA Open"]
[Site "Perth AUS"]
[Date "2023.06.04"]
[Round "3.5"]
[White "Gao,Oscar"]
[Black "Gough,Dylan"]
[Result "1-0"]
[BlackElo "1745"]
[BlackFideId "3243176"]
[EventDate "2023.05.21"]
[PlyCount "0"]
[WhiteElo "1916"]
[WhiteFideId "3235173"]

1. e4 c5 2. a3 Nc6 3. b4 e6 4. Bb2 d5 5. Bb5 Qb6 6. Qe2 d4 7. Bxc6+ bxc6 8. Nf3
Ba6 9. d3 Rd8 10. O-O Nf6 11. Nbd2 cxb4 12. axb4 Bxb4 13. Bxd4 Rxd4 14. Nxd4
Bc3 15. Rab1 Qc7 16. N4f3 O-O 17. Rb3 Bxd2 18. Qxd2 Rd8 19. Qe3 Bc8 20. Ra1 a6
21. Qb6 Qd7 22. Ne5 Qd6 23. Nxc6 Rd7 24. e5 Qd5 25. exf6 gxf6 26. Ra5 Qd6 27.
Nb8 Qf4 28. Qe3 Qxe3 29. fxe3 Rc7 30. Nxa6 Bxa6 31. Rxa6 Rxc2 32. Ra7 Rc8 33.
Rbb7 Rf8 34. d4 Kg7 35. e4 Kg6 36. d5 exd5 37. exd5 Rd8 38. Rd7 Rb8 39. Rxf7
Rb1+ 40. Kf2 Rd1 41. Rxh7 Rxd5 42. Rag7+ Kf5 43. Rh5+  1-0

[Event "2023 WA Open"]
[Site "Perth AUS"]
[Date "2023.06.04"]
[Round "3.6"]
[White "Perera,Kaviru"]
[Black "Laubbacher,Jamie"]
[Result "0-1"]
[BlackElo "1904"]
[BlackFideId "3242757"]
[EventDate "2023.05.21"]
[PlyCount "0"]
[WhiteElo "507"]
[WhiteFideId "3261565"]

1. e4 e6 2. d4 d5 3. e5 c5 4. c3 Nc6 5. Nf3 Qb6 6. Be2 Bd7 7. O-O cxd4 8. cxd4
Nge7 9. b3 Nf5 10. Bb2 Be7 11. Re1 a5 12. a3 Rc8 13. a4 h5 14. Qd3 Nb4 15. Qd1
Nc2 16. Bd3 Nxe1 17. Qxe1 Qxb3 18. Qd2 Bb4 19. Qe2 Kf8 20. h3 Bxa4 21. Kh2 Qd1
22. Qxd1 Bxd1 23. Na3 Bxf3 24. Bxf5 exf5 25. gxf3 Ke7 26. Nb5 Rc2 27. Bc1 Rhc8
28. Be3 f4 29. Bxf4 Rxf2+ 30. Kg3 Rcc2 31. Be3 Rfe2 32. Bf4 Be1+ 33. Rxe1 Rxe1
34. Bg5+ f6 35. exf6+ gxf6 36. Bf4 a4 37. Bd6+ Kd7 38. Bb4 Rb1 39. Bc3 Rxb5 40.
Be1 a3 41. Bf2 a2 42. h4 a1=Q 43. f4 Rb3+ 44. Kg2 Rxf2+ 45. Kxf2 Qa2+ 46. Kf1
Rb1#  0-1

[Event "2023 WA Open"]
[Site "Perth AUS"]
[Date "2023.06.04"]
[Round "3.7"]
[White "King,David"]
[Black "Kerr,Lennon"]
[Result "1-0"]
[BlackElo "860"]
[BlackFideId "3261735"]
[EventDate "2023.05.21"]
[PlyCount "0"]
[WhiteElo "1995"]
[WhiteFideId "3246680"]

1. e4 d5 2. exd5 Nf6 3. d4 Qxd5 4. Nf3 Bg4 5. Be2 Nc6 6. h3 Bh5 7. O-O O-O-O 8.
c4 Qd7 9. Qb3 e6 10. Be3 h6 11. g4 Nxg4 12. hxg4 Bxg4 13. Nbd2 e5 14. d5 Nd4
15. Bxd4 exd4 16. Ne5 Bxe2 17. Nxd7 Rxd7 18. Rfe1 d3 19. Ne4 f5 20. Ng3 Re7 21.
Nxe2 dxe2 22. Qd3  1-0

[Event "2023 WA Open"]
[Site "Perth AUS"]
[Date "2023.06.04"]
[Round "3.8"]
[White "Shah Mansouri,Kevin"]
[Black "Taylor,Noah"]
[Result "0-1"]
[BlackElo "1771"]
[BlackFideId "3250121"]
[EventDate "2023.05.21"]
[PlyCount "0"]
[WhiteElo "1947"]
[WhiteFideId "0"]

1. e4 e5 2. f4 exf4 3. Nf3 Nc6 4. Bc4 d6 5. d3 g5 6. h4 g4 7. Bxf7+ Kxf7 8. Ng5+
Ke8 9. Bxf4 h6 10. Nh3 gxh3 11. Qh5+ Kd7 12. Rxh3 Nf6 13. Qf7+ Qe7 14. Qc4 Qe6
15. Nd2 Qxc4 16. Nxc4 Kd8 17. Rf3 Nd4 18. Rf2 Ng4 19. Rd2 Be6 20. O-O-O Bxc4
21. dxc4 Ne6 22. g3 Nxf4 23. gxf4 Ne3 24. Rg1 Nxc4 25. Rd4 Nb6 26. e5 Ke7 27.
Re1 dxe5 28. Rxe5+ Kf6 29. a4 Bd6 30. Re1 Rae8 31. Rf1 Re2 32. a5 Nd7 33. b4
Rhe8 34. c4 R8e4  0-1

[Event "2023 WA Open"]
[Site "Perth AUS"]
[Date "2023.06.04"]
[Round "3.9"]
[White "Barry,David"]
[Black "Sheridan,Wallace"]
[Result "0-1"]
[BlackElo "1686"]
[BlackFideId "3206769"]
[EventDate "2023.05.21"]
[PlyCount "0"]
[WhiteElo "1897"]
[WhiteFideId "3234487"]

1. e4 d6 2. d4 Nf6 3. Nc3 e5 4. Nf3 Nbd7 5. Rg1 c6 6. g4 h6 7. Be3 b5 8. a3 a6
9. Qd2 Qc7 10. Be2 Be7 11. h4 exd4 12. Nxd4 Ne5 13. Nf5 Bxf5 14. gxf5 g6 15.
Bxh6 O-O-O 16. f4 Nc4 17. Bxc4 bxc4 18. Bg5 d5 19. e5 Ne4 20. Nxe4 dxe4 21. Qe2
Qb6 22. Kf1 Bxg5 23. hxg5 Qxb2 24. Kg2 gxf5 25. Rgd1 Rxd1 26. Rxd1 Qxa3 27. Re1
Qh3+ 28. Kf2 Qh2+ 29. Ke3 Rh3+ 30. Kd4 Qxf4 31. Rf1 Rf3 32. Re1 e3+ 33. Kc5
Qxe5+ 34. Kxc6 Qb5+ 35. Kd6 Rg3 36. Qh5 Qb6+ 37. Kd5 Qe6+ 38. Kc5 Qe7+ 39. Kc6
Rxg5 40. Qh8+ Qd8 41. Qb2 Rg6+ 42. Kc5 Qc7+ 43. Kb4  0-1

[Event "2023 WA Open"]
[Site "Perth AUS"]
[Date "2023.06.04"]
[Round "3.11"]
[White "Gunawan,Tjermin"]
[Black "Gunawan,Marco"]
[Result "0-1"]
[BlackElo "1676"]
[BlackFideId "3239101"]
[EventDate "2023.05.21"]
[PlyCount "0"]
[WhiteElo "1865"]
[WhiteFideId "3239110"]

1. d4 Nf6 2. Nf3 d6 3. e3 g6 4. c4 Bg7 5. Nc3 O-O 6. Be2 Nbd7 7. O-O e5 8. dxe5
dxe5 9. e4 Nc5 10. Qc2 Qe7 11. Bg5 c6 12. Rad1 Bg4 13. h3 Bxf3 14. Bxf3 Ne6 15.
Be3 Rfd8 16. Rxd8+ Rxd8 17. Rd1 Nd4 18. Bxd4 exd4 19. Ne2 Qe5 20. Qd3 c5 21. g3
Bh6 22. Bg2 g5 23. Rf1 g4 24. hxg4 Nxg4 25. Bh3 Qh5 26. Bxg4 Qxg4 27. Kg2 Qe6
28. Rh1 Re8 29. Ng1 Kg7 30. f3 b5 31. b3 Qa6 32. cxb5 Qxa2+ 33. Ne2 f5 34. Rc1 
0-1

[Event "2023 WA Open"]
[Site "Perth AUS"]
[Date "2023.06.04"]
[Round "3.12"]
[White "Hernandez Mendez,Iker"]
[Black "Kerr,Carter"]
[Result "1-0"]
[BlackElo "1257"]
[BlackFideId "3261859"]
[EventDate "2023.05.21"]
[PlyCount "0"]
[WhiteElo "1842"]
[WhiteFideId "3243214"]

1. e4 e5 2. Nf3 Nc6 3. d4 exd4 4. Nxd4 Nf6 5. Nxc6 bxc6 6. e5 Nd5 7. c4 Nb6 8.
Bd3 Bc5 9. O-O O-O 10. Nc3 Ba6 11. Ne4 Be7 12. Qg4 f5 13. exf6 Bxf6 14. Nxf6+
Qxf6 15. Be3 d5 16. Bd4 Qf7 17. f4 dxc4 18. Be4 c3 19. Rf3 Rae8 20. Bxh7+ Kxh7
21. Qh4+ Kg8 22. Rh3 Qg6 23. Rg3 Qh7 24. Rxg7+ Qxg7 25. Bxg7 Kxg7 26. Qg5+ Kh7
27. f5 cxb2 28. Qh5+ Kg7 29. Qg6+ Kh8 30. Qh6+ Kg8 31. Qg6+ Kh8 32. Rb1 Re2 33.
Qh6+ Kg8 34. f6 Rf7 35. Qg6+ Kf8 36. g4 Rd7 37. g5 Bd3 38. Qh6+ Ke8 39. g6 Bxb1
40. Qh8#  1-0

[Event "2023 WA Open"]
[Site "Perth AUS"]
[Date "2023.06.04"]
[Round "3.13"]
[White "Gulley,Trent"]
[Black "Ashok,Akash"]
[Result "1-0"]
[BlackElo "734"]
[BlackFideId "3261417"]
[EventDate "2023.05.21"]
[PlyCount "0"]
[WhiteElo "1839"]
[WhiteFideId "3241670"]

1. e4 e5 2. Nf3 Nc6 3. Bc4 Bc5 4. c3 Nf6 5. d3 h6 6. O-O d6 7. b4 Bb6 8. a4 a6
9. Re1 Ng4 10. Ra2 O-O 11. h3 Nf6 12. Nbd2 d5 13. exd5 Nxd5 14. Qb3 Nf4 15.
Nxe5 Nxe5 16. Rxe5 Nxd3 17. Bxd3 Qxd3 18. c4 Qxb3 19. Nxb3 Be6 20. Rc2 c6 21.
Re1 Rfd8 22. a5 Ba7 23. Be3 Bxe3 24. fxe3 Re8 25. Nd4 Rad8 26. Kf2 Rc8 27. Nb3
Bf5 28. Rd2 Rcd8 29. Red1 Rxd2+ 30. Rxd2 Be6 31. Rd4 Re7 32. Nc5 Kf8 33. Rd8+
Re8 34. Nxb7 Bxc4 35. Rxe8+ Kxe8 36. Nd6+ Kd7 37. Nxc4 Ke6 38. e4 f6 39. g4 g6
40. Ke3  1-0

[Event "2023 WA Open"]
[Site "Perth AUS"]
[Date "2023.06.04"]
[Round "3.16"]
[White "Wu,Kobe"]
[Black "Milovanovic,Stevica"]
[Result "1-0"]
[BlackElo "1516"]
[BlackFideId "3237540"]
[EventDate "2023.05.21"]
[PlyCount "0"]
[WhiteElo "1206"]
[WhiteFideId "3257355"]

1. e4 d5 2. exd5 Nf6 3. Nf3 Qxd5 4. Nc3 Qd8 5. d4 e6 6. Bc4 h6 7. O-O Bd6 8. d5
O-O 9. Re1 exd5 10. Nxd5 Nbd7 11. Be3 Nxd5 12. Bxd5 Nf6 13. Bc4 a6 14. a3 b5
15. Ba2 Bb7 16. c4 Ne4 17. cxb5 axb5 18. Nd2 Qh4 19. Nf3 Qf6 20. Bd5 Bxd5 21.
Qxd5 Rfe8 22. Qxb5 Rab8 23. Qa4 Qe7 24. Qc2 Qf8 25. Bd4 Ng5 26. Nxg5 hxg5 27.
Qf5 f6 28. Qd5+ Qf7 29. Qxf7+ Kxf7 30. Rxe8 Rxe8 31. b4 Ra8 32. Bc5 Be5 33. Ra2
Rd8 34. g3 Ra8 35. a4 Ke8 36. a5 Kd7 37. Kf1 Kc6 38. Ke2 Rh8 39. a6 Ra8 40. Kd3
Bd6 41. Bxd6 cxd6 42. Kd4 Kb5 43. Kd5 Rxa6 44. Rxa6 Kxa6 45. Kxd6 Kb5 46. Ke6
Kxb4 47. Kf7 g4 48. Kxg7 f5 49. Kg6 f4 50. gxf4 Kc4 51. f5 Kd4 52. f6 Ke4 53.
f7 Kf3 54. f8=Q+ Kg2 55. Kg5 Kh3 56. Qh6+ Kg2 57. Kxg4 Kxf2 58. Qe6 Kg2 59.
Qe2+ Kg1 60. Kg3  1-0

[Event "2023 WA Open"]
[Site "Perth AUS"]
[Date "2023.06.11"]
[Round "4.1"]
[White "Gong,Patrick"]
[Black "Teh,Rui Gen"]
[Result "0-1"]
[BlackElo "2206"]
[BlackFideId "5749476"]
[EventDate "2023.05.21"]
[PlyCount "0"]
[WhiteElo "2536"]
[WhiteFideId "3222500"]

1. e4 c5 2. c3 d5 3. exd5 Qxd5 4. d4 g6 5. Nf3 Bg7 6. Nbd2 Nf6 7. Bc4 Qd6 8.
dxc5 Qxc5 9. O-O O-O 10. Qe2 Nbd7 11. Re1 e6 12. Nb3 Qc7 13. Nbd4 Nb6 14. Bb3
a6 15. Bg5 Bd7 16. a4 Rac8 17. Ne5 Nfd5 18. Ndf3 Bc6 19. c4 Nf6 20. Nxc6 Qxc6
21. a5 Nbd7 22. Red1 Nc5 23. Bc2 Nce4 24. Ne5 Qc5 25. Bf4 Nh5 26. Qxe4 Nxf4 27.
Nd7 Qxc4 28. Qxc4 Rxc4 29. Bb3 Rb4 30. Nxf8 Rxb3 31. Ra4 Ne2+ 32. Kf1 Rxb2 33.
Nxe6 fxe6 34. Rd8+ Kf7 35. Rd7+ Kf6 36. Re4 Nc3 37. Rf4+ Ke5 38. g3 Bf6 39. f3
h5 40. h4 Nd5 41. Re4+ Kf5 42. Rd6 Be5 43. Rd7 Bxg3  0-1

[Event "2023 WA Open"]
[Site "Perth AUS"]
[Date "2023.06.11"]
[Round "4.2"]
[White "Andador,Dominador"]
[Black "Gao,Oscar"]
[Result "1/2-1/2"]
[BlackElo "1916"]
[BlackFideId "3235173"]
[EventDate "2023.05.21"]
[PlyCount "0"]
[WhiteElo "1819"]
[WhiteFideId "3239080"]

1. d4 Nf6 2. Bf4 e6 3. e3 b6 4. h3 Bb7 5. Nf3 Be7 6. Nbd2 c5 7. c3 Nc6 8. Bd3 d6
9. Qe2 Qc7 10. a3 O-O 11. Bh2 e5 12. dxe5 Nxe5 13. Nxe5 dxe5 14. f3 Nd7 15.
O-O-O a6 16. Bc2 Rfd8 17. f4 exf4 18. Rhf1 b5 19. Bxf4 Qb6 20. Qh5 Nf6 21. Qh4
b4 22. axb4 cxb4 23. Nc4 Qe6 24. Be5 Ne4 25. Qg4 Qxg4 26. hxg4 bxc3 27. bxc3 f6
28. Bd4 Rac8 29. Nb6 Ba3+ 30. Kb1 Rxc3 31. Bxe4 Bxe4+ 32. Ka2 Rd3 33. Rxd3 Bxd3
34. Rd1 Bc5 35. Bxc5 Bc4+ 36. Nxc4 Rxd1 37. e4 Re1 38. Ne3 Kf7 39. Kb3 Ke6 40.
Bd4 Re2 41. Kc3 a5 42. Kd3 Ra2 43. g5 Ra3+ 44. Kd2 Ra4 45. Kd3 Ra3+ 46. Kc2 Ra4
47. Kd3 Ra3+ 48. Kd2 Ra4 49. Kd3  1/2-1/2

[Event "2023 WA Open"]
[Site "Perth AUS"]
[Date "2023.06.11"]
[Round "4.3"]
[White "Laubbacher,Jamie"]
[Black "Deng,Eric"]
[Result "1-0"]
[BlackElo "1588"]
[BlackFideId "3254356"]
[EventDate "2023.05.21"]
[PlyCount "0"]
[WhiteElo "2057"]
[WhiteFideId "3242757"]

1. c4 e5 2. Nc3 f5 3. e3 d6 4. d4 exd4 5. exd4 Nf6 6. g3 c6 7. d5 Be7 8. Nf3 O-O
9. Bg2 Nbd7 10. dxc6 bxc6 11. Nd4 Ne5 12. Nxc6 Nxc6 13. Bxc6 Rb8 14. O-O Be6
15. b3 Ng4 16. Nd5 Bf6 17. Rb1 Rc8 18. Nf4 Bf7 19. Bd5 Qd7 20. Ba3 Be5 21. Nd3
Bf6 22. Qf3 Rfe8 23. Rfe1 Bc3 24. Rxe8+ Qxe8 25. Qxf5 Nh6 26. Bxf7+ Nxf7 27.
Nf4 Qc6 28. Nd5 Re8 29. Nxc3  1-0

[Event "2023 WA Open"]
[Site "Perth AUS"]
[Date "2023.06.11"]
[Round "4.4"]
[White "Sheridan,Wallace"]
[Black "Hare,Tim"]
[Result "0-1"]
[BlackElo "2275"]
[BlackFideId "4300629"]
[EventDate "2023.05.21"]
[PlyCount "0"]
[WhiteElo "1691"]
[WhiteFideId "3206769"]

1. d4 d6 2. Nf3 g6 3. c3 Bg7 4. e4 c6 5. Bd3 Qc7 6. O-O Nd7 7. Bf4 e5 8. dxe5
dxe5 9. Be3 { [%csl Gd3]}  9... Ngf6 10. h3 O-O 11. Nbd2 Re8 12. Qc2 b6 13.
Rfd1 Bb7 14. b4 Rad8 15. Bg5 h6 16. Bh4 g5 17. Bg3 Nh5 18. Bh2 Nf8 19. Nc4 Nf4
20. Bf1 Bc8 21. Ne3 Qe7 22. g4 h5 23. Rxd8 Rxd8 24. Rd1 hxg4 25. hxg4 Bf6 26.
Nf5 Bxf5 27. gxf5 b5 28. Rxd8 Qxd8 29. Qd2 Qe7 30. Qe3 Qc7 31. Nd2 Nd7 32. Nb3
Be7 33. a3 a6 34. Kh1 c5 35. Bg1 c4 36. Nd2 Qd6 37. Bh2 Bf8 38. Bxf4 gxf4 {
[%cal Ge3e2]}  39. Qe2 Qh6+ 40. Kg1 Nf6 41. Qf3 { At this point a phone rang
and the game was awarded to Black.}   0-1

[Event "2023 WA Open"]
[Site "Perth AUS"]
[Date "2023.06.11"]
[Round "4.5"]
[White "Taylor,Noah"]
[Black "Spirin, Viktor"]
[Result "0-1"]
[BlackElo "2153"]
[BlackFideId "54131170"]
[EventDate "2023.05.21"]
[PlyCount "0"]
[WhiteElo "1815"]
[WhiteFideId "3250121"]

1. e4 Nf6 2. e5 Nd5 3. d4 d6 4. c4 Nb6 5. exd6 exd6 6. Bd3 Nc6 7. Nf3 Bg4 8. Be3
Be7 9. Nc3 O-O 10. h3 Bh5 11. g4 Bg6 12. h4 Bxd3 13. Qxd3 Nb4 14. Qe2 d5 15. a3
Nc6 16. c5 Nc4 17. O-O-O Re8 18. Ne5 N6xe5 19. dxe5 Nxe3 20. Qxe3 d4 21. Qxd4
Qxd4 22. Rxd4 Bxc5 23. Rd7 Rxe5 24. Rxc7 Bxf2 25. Rxb7 Rae8 26. Rf1 Re1+ 27.
Rxe1 Rxe1+ 28. Kd2 g6 29. h5 gxh5 30. gxh5 Rh1 31. Ne4 Bb6 32. Ng3 Rh2+ 33. Kc1
Kg7 34. Nf5+ Kf6 35. Nd6 Rxh5 36. Nxf7 Rc5+ 37. Kb1 Rc7 38. Rxc7 Bxc7 39. Nh6
Kg5 40. Ng8 Bd8 41. b4 Kg6 42. a4 Kg7 43. Ne7 Bxe7 44. b5 h5 45. a5 h4 46. b6
a6  0-1

[Event "2023 WA Open"]
[Site "Perth AUS"]
[Date "2023.06.11"]
[Round "4.6"]
[White "Gunawan,Marco"]
[Black "King,David"]
[Result "0-1"]
[BlackElo "2058"]
[BlackFideId "3246680"]
[EventDate "2023.05.21"]
[PlyCount "0"]
[WhiteElo "1676"]
[WhiteFideId "3239101"]

1. c4 c6 2. Nc3 d5 3. e3 Nf6 4. Nf3 e6 5. d4 Nbd7 6. Bd3 dxc4 7. Bxc4 b5 8. Bd3
a6 9. O-O { [%csl Gg1]}  9... c5 10. Re1 Bb7 11. e4 cxd4 12. Nxd4 Nc5 13. Bg5
Nxd3 14. Qxd3 Be7 15. Rad1 O-O 16. Qh3 Qe8 17. e5 Nd7 18. Nxe6 fxe6 19. Qxe6+
Rf7 20. Bf4 Nc5 21. Qg4 Rd8 22. b4 Nd3 23. Bh6 Nxf2 24. Rxd8 Bxd8 25. Qg3 Bb6
26. Be3 Bxe3 27. Rxe3 Qe6 28. h4 Ng4 29. Rd3 Qb6+ 30. Kh1 Rf1#  0-1

[Event "2023 WA Open"]
[Site "Perth AUS"]
[Date "2023.06.11"]
[Round "4.7"]
[White "Hardegen,Kathryn"]
[Black "Hernandez Mendez,Iker"]
[Result "1-0"]
[BlackElo "2158"]
[BlackFideId "3243214"]
[EventDate "2023.05.21"]
[PlyCount "0"]
[WhiteElo "1924"]
[WhiteFideId "3226778"]

1. d4 Nf6 2. c4 c5 3. d5 e6 4. Nc3 exd5 5. cxd5 d6 6. e4 g6 7. f4 Bg7 8. Bb5+
Nfd7 9. a4 O-O 10. Nf3 Na6 11. O-O Nb4 12. Re1 a6 13. Bf1 Re8 14. Be3 Nf6 15.
Bf2 Bg4 16. Rc1 Nd7 17. h3 Bxf3 18. Qxf3 Rb8 19. Kh1 b5 20. axb5 axb5 21. Nxb5
Bxb2 22. Rb1 Qf6 23. e5 dxe5 24. Rxb2 e4 25. Qc3 Nxd5 26. Qxf6 N7xf6 27. Bxc5
e3 28. Bd6 Rb6 29. Kh2 Ne4 30. Be5 f6 31. Bc4 Rd8 { [%csl Gb5]}  32. Nc7 Rc6
33. Bxd5+ Rxd5 34. Nxd5  1-0

[Event "2023 WA Open"]
[Site "Perth AUS"]
[Date "2023.06.11"]
[Round "4.8"]
[White "Clarke,Daniel"]
[Black "Gulley,Trent"]
[Result "1-0"]
[BlackElo "1924"]
[BlackFideId "3241670"]
[EventDate "2023.05.21"]
[PlyCount "0"]
[WhiteElo "1902"]
[WhiteFideId "3247570"]

1. e4 e6 2. Nf3 d5 3. Nc3 d4 4. Ne2 c5 5. c3 Nf6 6. e5 Nfd7 7. cxd4 cxd4 8.
Nexd4 Nxe5 9. Bb5+ Nec6 10. Nxc6 Nxc6 11. O-O Bd7 12. d4 Ne7 13. Bxd7+ Qxd7 14.
Ne5 Qd5 15. Be3 Nc6 16. Rc1 Rc8 17. Qg4 f6 18. Nxc6 Rxc6 19. Rxc6 bxc6 20. Rc1
Kd7 21. a3 g5 22. Qh5 Be7 23. Qf7 h5 24. h3 Rb8 25. Bd2 a5 26. Rc5 Qxd4 27.
Rxa5 Rb7 28. Bb4 c5 29. Bxc5 Qd1+ 30. Kh2 Kc6 31. Qxe6+ Bd6+ 32. Qxd6+ Qxd6+
33. Bxd6 Kxd6 34. b4 h4 35. Kg1 Rc7 36. Kf1 Rc1+ 37. Ke2 Rc2+ 38. Kf3 Rc3+ 39.
Kg4 Rc2 40. Ra6+ Ke5 41. Ra5+ Kd6 42. Rf5 Ke6 43. Rf3 Rb2 44. g3 hxg3 45. fxg3
Ke5 46. h4 gxh4 47. gxh4 Rg2+ 48. Rg3 f5+ 49. Kh3 Rb2 50. h5 Rb1 51. Kh2 f4 52.
Rg5+ Kf6 53. Rg6+ Kf5 54. Rg8 Rb2+ 55. Kg1 Rb1+ 56. Kf2 Rb2+ 57. Kf1 Rb1+ 58.
Kg2 Rb2+ 59. Kh1 Rb1+ 60. Kh2 f3 61. Rg1 Rb2+ 62. Kg3 Ra2 { [%csl Gg1]}  63.
Rf1 Kg5 64. Rxf3 Kxh5 65. Kf4 Kg6 66. Ke5 Re2+ 67. Kd6 Rd2+ 68. Kc6 Rc2+ 69.
Kb6 Rc3  1-0

[Event "2023 WA Open"]
[Site "Perth AUS"]
[Date "2023.06.11"]
[Round "4.9"]
[White "Saxon,Marc"]
[Black "Ashok,Anish"]
[Result "1-0"]
[BlackElo "453"]
[BlackFideId "3261662"]
[EventDate "2023.05.21"]
[PlyCount "0"]
[WhiteElo "2053"]
[WhiteFideId "3250628"]

1. e4 e6 2. d3 d5 3. Nd2 Nc6 4. Ngf3 Bc5 5. g3 Nge7 6. Bg2 O-O 7. O-O Re8 8. a4
e5 9. Nb3 b6 10. Nxc5 bxc5 11. exd5 Nxd5 12. Ng5 h6 13. Qf3 hxg5 14. Qxd5 Qxd5
15. Bxd5 Bd7 16. Bxg5 Rab8 17. f4 Ne7 18. Bb3 Rxb3 19. cxb3 exf4 20. Rae1 Be6
21. Rxf4 Bxb3 22. Rxe7 Rxe7 23. Bxe7 Bxa4 24. Rxa4  1-0

[Event "2023 WA Open"]
[Site "Perth AUS"]
[Date "2023.06.11"]
[Round "4.10"]
[White "Gough,Dylan"]
[Black "Perera,Kaviru"]
[Result "1-0"]
[BlackElo "550"]
[BlackFideId "3261565"]
[EventDate "2023.05.21"]
[PlyCount "0"]
[WhiteElo "1762"]
[WhiteFideId "3243176"]

1. c4 e5 2. Nc3 d6 3. e3 Nf6 4. h3 Nc6 5. a3 b6 6. Be2 Bb7 7. Bf3 Rb8 8. Nge2
Ne7 9. Bxb7 Rxb7 10. d4 Rb8 11. O-O g6 12. Qa4+ c6 13. d5 Rc8 14. e4 Qd7 15.
Bg5 Bg7 16. f4 Nfg8 17. Rad1 cxd5 18. Qxd7+ Kxd7 19. Bxe7 Kxe7 20. Nxd5+ Ke8
21. b3 Ne7 22. Ndc3 Rc6 23. Nb5 Nc8 24. Rd3 Ke7 25. Nbc3 Rd8 26. Nd5+ Ke8 27.
f5 gxf5 28. exf5 f6 29. g4 Ne7 30. Nb4 Rc7 31. Rfd1 Rcd7 32. Nc3 a5 33. Nbd5
Nc8 34. Ne4 Kf7 35. g5 Ne7 36. gxf6 Nxd5 37. fxg7 Ne7 38. Ng5+ Kf6 39. Ne6 Rc8
40. Rxd6 Rxd6 41. Rxd6 Rb8 42. Nd4+ Kxg7 43. f6+ Kf7 44. fxe7 Rg8+ 45. Kf2 exd4
46. Rd8 Re8 { [%csl Ge8]}  47. Rxe8 Kxe8 48. Kf3 Kxe7 49. Ke4 Kf6 50. Kxd4 Kg5
51. b4 Kh4 52. bxa5 bxa5 53. c5 Kxh3 54. c6 Kg3 55. c7 h5 56. c8=Q h4 57. Qc1
h3 58. Qh1 h2 59. Ke5 Kh3 60. Kd4 Kg3 61. Ke3 Kh3 62. Kf3 Kh4 63. Qg2 Kh5 64.
Kf4 Kh6 65. Kf5 Kh7 66. Kf6 Kh8 67. Qg7#  1-0

[Event "2023 WA Open"]
[Site "Perth AUS"]
[Date "2023.06.11"]
[Round "4.11"]
[White "Kerr,Lennon"]
[Black "Ong,Celine"]
[Result "1-0"]
[BlackElo "1610"]
[BlackFideId "3238717"]
[EventDate "2023.05.21"]
[PlyCount "0"]
[WhiteElo "1576"]
[WhiteFideId "3261735"]

1. e4 e5 2. Nf3 Nc6 3. Bb5 a6 4. Ba4 d6 5. c3 Bd7 6. O-O Nge7 7. d4 Ng6 8. Re1
Be7 9. Nbd2 O-O 10. h3 Bf6 11. Nf1 Qc8 12. Ng3 b5 13. Bb3 Nce7 14. Nh5 Bxh3 15.
Nxf6+ gxf6 16. gxh3 Qxh3 17. Nh2 Nh4 18. Qg4+ Qxg4+ 19. Nxg4 { [%csl Gf3]} 
19... Nf3+ 20. Kf1 Nxe1 21. Kxe1 f5 22. Nh6+ Kg7 23. exf5 exd4 24. cxd4 Nc6 25.
Ng4 Kh8 26. Bg5 h6 27. Bf6+ Kh7 28. Bd5 Rg8 29. Rc1 Rxg4 30. Rxc6 Ra7 31. Bxf7
Rg1+ 32. Ke2 Rh1 33. Rc3 c5 34. Bg6+ Kg8 35. dxc5 dxc5 36. Rxc5 Ra8 37. Rc7 Kf8
38. Rh7  1-0

[Event "2023 WA Open"]
[Site "Perth AUS"]
[Date "2023.06.11"]
[Round "4.12"]
[White "Shah Mansouri,Kevin"]
[Black "Peiris,Sasanka Lahiru"]
[Result "1-0"]
[BlackElo "1430"]
[BlackFideId "9923667"]
[EventDate "2023.05.21"]
[PlyCount "0"]
[WhiteElo "1947"]
[WhiteFideId "3266877"]

1. e4 c6 2. d4 d5 3. e5 Bf5 4. Nf3 e6 5. Be2 Nd7 6. c3 h6 7. Na3 a6 8. Be3 c5 9.
O-O c4 10. Nc2 Ne7 11. Nh4 Bh7 12. f4 Nf5 13. Nxf5 Bxf5 14. Ne1 Be7 15. g4 Be4
16. Bf3 Bxf3 17. Qxf3 O-O 18. Ng2 b5 19. Qg3 f5 20. h3 Rf7 21. g5 g6 22. gxh6
Kh7 23. h4 Qf8 24. Kf2 Kxh6 25. Rh1 Rh7 26. h5 gxh5 27. Rxh5+  1-0

[Event "2023 WA Open"]
[Site "Perth AUS"]
[Date "2023.06.11"]
[Round "4.13"]
[White "Ashok,Akash"]
[Black "Barry,David"]
[Result "0-1"]
[BlackElo "1919"]
[BlackFideId "3234487"]
[EventDate "2023.05.21"]
[PlyCount "0"]
[WhiteElo "847"]
[WhiteFideId "3261417"]

1. d4 Nf6 2. Bf4 c5 3. e3 e6 4. Nf3 Nc6 5. Bd3 Qa5+ 6. c3 cxd4 7. exd4 Be7 8.
O-O d5 9. Nbd2 O-O 10. Rc1 b5 11. Bb1 Bb7 12. Qc2 Qd8 13. Ne5 Rc8 14. Rfe1 Nxd4
15. Qd3 Nf5 16. g4 Nd6 17. g5 Nfe4 18. f3 Bxg5 19. Be3 Bxe3+ 20. Qxe3 Qg5+ 21.
Qxg5 Nxg5 22. Kg2 Nc4 23. Nexc4 dxc4 24. h4 Rfd8 25. Re2 Rxd2 26. Rxd2 Nxf3 27.
Rdd1 Nxh4+ 28. Kf2 Bd5 29. Ke3 f5 30. Rf1 g5 31. Bc2 Kg7 32. Bd1 Ng2+ 33. Kf2
Nf4 34. Be2 Be4  0-1

[Event "2023 WA Open"]
[Site "Perth AUS"]
[Date "2023.06.11"]
[Round "4.14"]
[White "Kerr,Carter"]
[Black "Gunawan,Tjermin"]
[Result "1-0"]
[BlackElo "1910"]
[BlackFideId "3239110"]
[EventDate "2023.05.21"]
[PlyCount "0"]
[WhiteElo "1485"]
[WhiteFideId "3261859"]

1. e4 c6 2. Nf3 d5 3. Nc3 Bg4 4. exd5 cxd5 5. Bb5+ Nc6 6. O-O e6 7. Re1 Be7 8.
d4 Nf6 9. h3 Bh5 10. Be3 O-O 11. Qe2 Ne4 12. Bd3 Bb4 13. Nxe4 dxe4 14. Bxe4
Bxe1 15. Rxe1 Bxf3 16. Qxf3 Nxd4 17. Qh5 Nf5 18. Bc5 { [%csl Gg5]}  18... g6
19. Qf3 Qa5 20. b4 Qxa2 21. Qc3 e5 22. Bxf5 gxf5 23. Qg3+ Kh8 24. Qxe5+ f6 25.
Qxf5 Rf7 26. Be7 Qb2 27. Qe6 Rxe7 28. Qxe7 Rg8 29. Re3 Qd4 30. Rf3 Qa1+ 31. Kh2
Qe5+ 32. Qxe5 fxe5 33. Rf7 Rc8 34. Rxb7 Rxc2 35. Kg3 Rc3+ 36. f3 e4 37. Rxa7 e3
38. b5 Rb3 39. Re7 Rxb5 40. Rxe3 Rb7 41. f4 Kg7 42. Kf3 h5 43. Kg3 Kf6 44. Re5
Rg7+ 45. Kf3 Rh7 46. Rg5 h4 47. Kg4  1-0